| 000 | 00857cam a2200217 4500 | ||
|---|---|---|---|
| 008 | 970304 1992 ado | ||
| 020 | _a1873394004 | ||
| 035 | _a(Sirsi) u47334 | ||
| 041 | 0 | _aeng | |
| 050 | 0 | 4 | _a690.241 $2 18 |
| 100 | 1 | _aPearson, Gordon T. | |
| 245 | 0 | 0 | _aConservation of clay and chalk buildings |
| 260 |
_aLondon _bDonhead _c1992 |
||
| 300 |
_axix, 203p. _bill. _c24cm. |
||
| 350 | _a30 | ||
| 520 | _aExamines methods for conserving and repairing earth buildings using traditional building materials. Includes advice on soils analysis, the philosophy of repair techniques and the factors to be considered before altering, converting or extending an earth building. | ||
| 651 | 4 |
_aUnited Kingdom _y |
|
| 690 | _aBUILT ENVIRONMENT-BUILDING MATERIALS-NON CEMENTITIOUS MATERIALS-NATURAL SOILS | ||
| 942 | _n0 | ||
| 948 | _c04/03/1997 | ||
| 999 |
_c92103 _d92103 |
||